|
|
|
|
| LEADER |
00000aam a2200000 a 4500 |
| 001 |
vtls010291487 |
| 003 |
SK-MaSNL |
| 005 |
20260301031906.0 |
| 008 |
240314s2011 xo l f 000 0 slo |
| 015 |
|
|
|a SNBA2011/10-05334
|
| 020 |
|
|
|a 9788080847265
|q (brož.)
|
| 035 |
|
|
|a 68A6B273-C006-4B49-B9F0-0A7CF43C69CB
|
| 035 |
|
|
|a urn:nbn:sk:snk-amjiar
|
| 035 |
|
|
|a urn:nbn:sk:snk-am001z1i
|
| 040 |
|
|
|a SNK
|b slo
|c SNK
|e AACR2
|
| 041 |
0 |
|
|a slo
|
| 044 |
|
|
|a xo
|c SK
|
| 072 |
|
7 |
|a 27-46/-48
|x Pastorálna teológia
|2 konspekt
|
| 080 |
|
|
|a 27-46
|2 2001
|
| 080 |
|
|
|a 159.9:27-46
|2 2001
|
| 080 |
|
|
|a 316.74:2
|2 2001
|
| 080 |
|
|
|a 2-1(091)
|2 2001
|
| 080 |
|
|
|a 27-72
|2 2001
|
| 080 |
|
|
|a (048.8)
|2 2001
|
| 100 |
1 |
|
|a Trstenský, Jozef,
|d 1967-
|4 aut
|9 105287
|
| 245 |
1 |
0 |
|a O činnosti Cirkvi v dnešnom svete
|b úvod do fundamentálnej pastorálnej teológie
|c Jozef Trstenský
|
| 246 |
3 |
0 |
|a Úvod do fundamentálnej pastorálnej teológie
|
| 250 |
|
|
|a 1. vyd.
|
| 260 |
|
|
|a Ružomberok
|b Verbum
|c 2011
|
| 300 |
|
|
|a 148 s.
|b sch.
|c 20 cm
|
| 500 |
|
|
|a Vydalo vydavateľstvo Katolíckej univerzity v Ružomberku - Verbum
|
| 504 |
|
|
|a Bibliogr. s. 145-148. Bibliogr. odkazy
|
| 650 |
0 |
7 |
|a pastorálna teológia
|2 SNKPH
|9 1811
|
| 650 |
0 |
7 |
|a Pastoral theology
|2 SNKPHeng
|9 267041
|
| 650 |
0 |
7 |
|a Pastoral psychology
|2 SNKPHeng
|9 328183
|
| 650 |
0 |
7 |
|a Sociology of religion
|2 SNKPHeng
|9 319128
|
| 650 |
0 |
7 |
|a History of theology
|2 SNKPHeng
|9 328184
|
| 650 |
0 |
7 |
|a pastorálna psychológia
|2 SNKPH
|9 67700
|
| 650 |
0 |
7 |
|a sociológia náboženstva
|2 SNKPH
|9 1015
|
| 650 |
0 |
7 |
|a cirkev
|2 SNKPH
|9 1922
|
| 650 |
0 |
7 |
|a dejiny teológie
|2 SNKPH
|9 126072
|
| 650 |
0 |
7 |
|a Church
|2 SNKPHeng
|9 265729
|
| 655 |
|
7 |
|a monografie
|2 SNKPH
|9 70139
|
| 655 |
|
7 |
|a Monographs
|2 SNKPHeng
|9 120675
|
| 852 |
|
|
|a Štátna vedecká knižnica v Banskej Bystrici
|
| 919 |
|
|
|a 978-80-8084-726-5
|
| 958 |
|
|
|a NB
|
| 958 |
|
|
|a NT
|
| 958 |
|
|
|a OND
|
| 968 |
|
|
|d 2
|
| 999 |
|
|
|c 577492
|d 579422
|
| 952 |
|
|
|a SNK
|b SNK
|y PREZ
|7 0
|p 17A0705236
|o snkSC 146103
|i snk2011/15339
|8 0
|0 0
|1 0
|4 0
|d 2011-07-11
|l 0
|r 2025-07-15 00:00:00
|w 2026-02-23
|
| 952 |
|
|
|a SNK
|b SNK
|y VYP
|7 0
|p 17A0705237
|o snkSC 146103 D1
|i snk2011/15340
|8 0
|0 0
|1 0
|4 0
|d 2011-07-11
|l 0
|r 2026-02-23 14:38:24
|w 2026-02-23
|